All Geometry Dash Levels - Statistics

General Stats
  • This quiz has been taken 87 times
  • The average score is 26 of 40
Answer Stats
Game Version Answer % Correct
GD 1.0 Stereo Madness
98%
GD 1.0 Back On Track
97%
GD 1.0 Jumper
90%
GD 1.0 Polargeist
90%
GD 1.0 Base After Base
89%
GD 1.1 Time Machine
89%
GD 1.3 xStep
89%
GD 1.0 Can't Let Go
87%
GD 1.2 Cycles
87%
GD 2.1 Fingerdash
87%
GD 1.5 Theory of Everything
87%
GD 1.0 Dry Out
85%
GD 1.4 Clutterfunk
82%
GD 1.9 Theory of Everything 2
82%
GD 1.6 Clubstep
81%
GD 2.0 Deadlocked
81%
GD 1.7 Electrodynamix
81%
GD 1.6 Electroman Adventures
79%
GD 1.8 Hexagon Force
79%
GD 2.0 Geometrical Dominator
69%
GD (secret) 2.1 The Challenge
63%
Subzero N/A Press Start
61%
GD 1.9 Blast Proccesing
60%
Subzero N/A Nock Em
60%
Subzero N/A Power Trip
53%
Meltdown N/A The Seven Seas
53%
Meltdown N/A Viking Arena
53%
GD 2.2 Explorers
52%
Meltdown N/A Airborne Robots
50%
GD World Toxic Factory Monster Dance Off
47%
GD World Dashlands Machina
42%
GD World Toxic Factory Space Pirates
42%
GD World Dashlands Payload
40%
GD World Dashlands Years
40%
GD World Toxic Factory Round 1
35%
GD World Dashlands Beast Mode
34%
GD World Dashlands Frontlines
32%
GD World Toxic Factory Striker
31%
GD World Toxic Factory Embers
26%
GD 2.2 Dash Destroyer
8%
No matching quizzes found
Score Distribution
Percent of People with Each Score
Percentile by Number Answered
Your Score History
You have not taken this quiz